000 00932nam a22003137a 4500
003 CHAP
005 20220329135331.0
008 971013s1952 r 00010 d
010 _a34587
011 _a35559
035 _a39675
040 _cCHAP
082 _a531
_bF3 1952
100 0 0 _aFaires, Virgil Moring.
_939343
245 _aAnalytic mechanics
250 _a3 ed.
260 _aNew York :
_bMacMillan,
_c1952
300 _a540 p.
_b: ilus. ; gráfs.
590 _aBATCH-UPD
_b10
_c20130109
_lUCH01
_h2348
590 _aBATCH-UPD
_b10
_c20130110
_lUCH01
_h1811
590 _aBATCH-UPD
_b10
_c20130410
_lUCH01
_h1146
590 _aBATCH-UPD
_b10
_c20130914
_lUCH01
_h0917
590 _aCONVERSION
_b10
_c20130109
_lUCH01
_h1319
650 1 4 _aMecánica.
_973810
700 0 _aChambers, Sherman Daniel.
_921773
901 _aBK
942 _cLIBRO
949 _a531 F3 1952
_bBC
_cLIBRO
_d33724000411286
_eLIBRO
_h53199
_i39675
_mD
_si
999 _c34587
_d34587